| 000 | 00461nam a22001817a 4500 | ||
|---|---|---|---|
| 005 | 20231103132444.0 | ||
| 008 | 231103b |||||||| |||| 00| 0 eng d | ||
| 020 | _a978-93-5424-439-1 | ||
| 041 | _aeng | ||
| 082 | _a006.4 | ||
| 100 |
_aDUDA,RICHARD.O AND OTHERS _98224 |
||
| 245 | _aPATTERN RECOGNITION :an indian adaptation | ||
| 250 | _a3RD ED. | ||
| 260 |
_aNEW DELHI _bWILEY _c2021 |
||
| 300 | _a110;p | ||
| 650 |
_aCOMPUTER SCIENCE _95104 |
||
| 942 | _cBK | ||
| 999 |
_c8447 _d8445 |
||